000 00602cab a2200193 4500
001 WB2611-18
008 090401t1990 xxu||||| |||| 00| 0 eng d
035 _a(Sirsi) u9713
041 _aeng
245 _aPoll tax boosts house prices
260 _c1990
350 _a0
490 _aFinancial Times
_v9/3/90 p12
490 _aObserver
_v11/3/90 p79 (2)
520 _aThe community charge may give house prices a lift, particularly at the top end of the market with the loss of high rates, and also in areas with a low community charge.
690 _aHOUSING
942 _n0
948 _c04/03/1997
999 _c6105
_d6105